Test yourself atlas in ophthalmology (third edition) (Record no. 32853)

MARC details
000 -LEADER
fixed length control field 00782nam a2200193 a 4500
008 - FIXED-LENGTH DATA ELEMENTS--GENERAL INFORMATION
fixed length control field 191126s2008 ||||||||||||||||| || u
020 ## - INTERNATIONAL STANDARD BOOK NUMBER
International Standard Book Number 9780750675895
050 ## - LIBRARY OF CONGRESS CALL NUMBER
Classification number RE 71. A85 Kan
100 ## - MAIN ENTRY--PERSONAL NAME
Personal name Kanski, Jack J
245 10 - TITLE STATEMENT
Title Test yourself atlas in ophthalmology (third edition)
Statement of responsibility, etc. By Jack J. Kanski
250 ## - EDITION STATEMENT
Edition statement 3rd edition
260 ## - PUBLICATION, DISTRIBUTION, ETC.
Place of publication, distribution, etc. Edinburgh
Name of publisher, distributor, etc. Butterworth-Heinemann/Elsevier
Date of publication, distribution, etc. 2008
300 ## - PHYSICAL DESCRIPTION
Extent viii, 324 pages : illustrations
350 ## -
-- 110.27
650 #2 - SUBJECT ADDED ENTRY--TOPICAL TERM
Topical term or geographic name entry element EYE DISEASES--ATLASES
650 #0 - SUBJECT ADDED ENTRY--TOPICAL TERM
Topical term or geographic name entry element OPTHTALMOLOGY--ATLASES
650 #0 - SUBJECT ADDED ENTRY--TOPICAL TERM
Topical term or geographic name entry element OPHTHALMOLOGY--EXAMINATIONS, QUESTIONS, ETC
995 ## -
-- MEDICAL LIBRARY OPEN ACCESS
-- 904424
-- CBU-SCHOOL OF MEDICINE LIBRARY (Ndola)
-- 110.27
-- RE 71. A85 Kan
-- 1
-- AVAILABLE
-- Dec 13, 2019
-- 904424
-- Medical Library Open Access Collection
999 ## -
-- 32853
-- 32853
Holdings
Withdrawn status Lost status Source of classification or shelving scheme Damaged status Not for loan Permanent Location Current Location Shelving location Date acquired Total Checkouts Full call number Barcode Date last seen Price effective from Koha item type
          CBU-SCHOOL OF MEDICINE LIBRARY, NDOLA. CBU-SCHOOL OF MEDICINE LIBRARY, NDOLA.   11/30/2022   RE 71. A85 Kan 904424 11/30/2022 11/30/2022 MONOGRAPH